The abominable snowman of Pasadena / (Record no. 1747)
[ view plain ]
| 000 -LEADER | |
|---|---|
| fixed length control field | 01189cam a22003133a 4500 |
| 005 - DATE AND TIME OF LATEST TRANSACTION | |
| control field | 20230926150132.0 |
| 020 ## - INTERNATIONAL STANDARD BOOK NUMBER | |
| International Standard Book Number | 0590568752 |
| 040 ## - CATALOGING SOURCE | |
| Original cataloging agency | JBL |
| Transcribing agency | JBL |
| Modifying agency | SLC |
| -- | OCL |
| -- | OCLCQ |
| -- | DLC |
| Language of cataloging | eng |
| 050 00 - LIBRARY OF CONGRESS CALL NUMBER | |
| Classification number | PZ7.S86037 |
| 082 ## - DEWEY DECIMAL CLASSIFICATION NUMBER | |
| Classification number | 813.54 |
| 100 1# - MAIN ENTRY--PERSONAL NAME | |
| Personal name | Stine, R. L. |
| 245 14 - TITLE STATEMENT | |
| Title | The abominable snowman of Pasadena / |
| Statement of responsibility, etc. | R.L. Stine. |
| 260 ## - PUBLICATION, DISTRIBUTION, ETC. | |
| Place of publication, distribution, etc. | New York : |
| Name of publisher, distributor, etc. | Scholastic, |
| Date of publication, distribution, etc. | 1995. |
| 300 ## - PHYSICAL DESCRIPTION | |
| Extent | 127 pages ; |
| Dimensions | 20 cm. |
| 490 1# - SERIES STATEMENT | |
| Series statement | Goosebumps ; |
| Volume/sequential designation | Book 38 |
| 500 ## - GENERAL NOTE | |
| General note | "An Apple paperback." |
| 500 ## - GENERAL NOTE | |
| General note | "A Parachute Press book"--T.p. verso. |
| 505 ## - FORMATTED CONTENTS NOTE | |
| Formatted contents note | H<br/> |
| 520 ## - SUMMARY, ETC. | |
| Summary, etc. | Jordan and his sister, Nicole, are sick of the hot weather in Pasadena, California. Just once, they'd like to have aa real winter with real snow. And then it happens. Their family is taking a trip to Alaska! But now they're being chased by a monstrous creature. A big, furry-faced creature known as the Abominable Snowman. |
| 521 ## - TARGET AUDIENCE NOTE | |
| Target audience note | 420<br/> |
| Source | Lexile <br/> |
| 521 ## - TARGET AUDIENCE NOTE | |
| Target audience note | H<br/> |
| Source | Raz-Plus <br/> |
| 650 #0 - SUBJECT ADDED ENTRY--TOPICAL TERM | |
| Topical term or geographic name entry element | Yeti |
| Form subdivision | Fiction. |
| 650 #0 - SUBJECT ADDED ENTRY--TOPICAL TERM | |
| Topical term or geographic name entry element | Horror tales. |
| 655 #7 - INDEX TERM--GENRE/FORM | |
| Genre/form data or focus term | Children's stories. |
| Source of term | lcsh |
| 655 #7 - INDEX TERM--GENRE/FORM | |
| Genre/form data or focus term | Horror fiction. |
| Source of term | gsafd |
| 906 ## - LOCAL DATA ELEMENT F, LDF (RLIN) | |
| a | 7 |
| b | cbc |
| c | copycat |
| d | 2 |
| e | ncip |
| f | 20 |
| g | y-genrareb |
| 942 ## - ADDED ENTRY ELEMENTS (KOHA) | |
| Source of classification or shelving scheme | Dewey Decimal Classification |
| Koha item type | Books |
| Suppress in OPAC | No |
| 999 ## - | |
| -- | 1747 |
| -- | 1747 |
| Withdrawn status | Lost status | Source of classification or shelving scheme | Damaged status | Not for loan | Collection | Home library | Current library | Shelving location | Date acquired | Total Checkouts | Full call number | Barcode | Date last seen | Date last checked out | Price effective from | Koha item type | Copy number |
|---|---|---|---|---|---|---|---|---|---|---|---|---|---|---|---|---|---|
| Dewey Decimal Classification | Fiction | Footprints International School Library Network Toul Kork Campus | Footprints International School Library Network Toul Kork Campus | TK Primary Library Room(4th Floor), Bookcase 1&2, Shelves 1-16, Dark Blue Books | 09/26/2023 | 3 | STI 813.54 PZ7.S86037 | FISTK05249 | 11/20/2025 | 11/13/2025 | 09/26/2023 | Books | |||||
| Dewey Decimal Classification | Fiction | Footprints International School Library Network Toul Tom Poung Campus | Footprints International School Library Network Toul Tom Poung Campus | TTP Primary Dark Blue Bookshelves | 10/14/2025 | STI 813.54 PZ7.S86037 | 2025-4573 | 10/14/2025 | 10/14/2025 | Books | 2 |
